000
00321nam a22001337a 4500
008
180202b xxu||||| |||| 00| 0 eng d
020
_a
9780965877718
041
_a
eng
080
_a
610
100
_a
4
101
_a
SHM
245
_a
Disease Prevention and Treatment Protocols
_c
LIFE EXTENSION MEDIA
942
_2
udc
_c
BK
999
_c
41614
_d
41614